[Event "ROM-ch U18 Girls"]
[Site "Calimanesti"]
[Date "2015.04.05"]
[Round "8"]
[White "Ciungan, Diana Alexandra"]
[Black "Andras, Cristina Maria"]
[Result "1-0"]
[WhiteElo "1724"]
[BlackElo "1529"]
[PlyCount "54"]
[EventDate "2015.03.30"]
[EventType "swiss"]
[EventRounds "9"]
[EventCountry "ROU"]
[SourceTitle "CBM 165 Extra"]
[Source "ChessBase"]
[SourceDate "2015.04.21"]
[SourceVersion "1"]
[SourceVersionDate "2015.04.21"]
[SourceQuality "1"]

1. e4 c5 2. Nf3 Nc6 3. d4 cxd4 4. Nxd4 g6 5. Nc3 Bg7 6. Be3 Nf6 7. Bc4 0-0 8. 0-0 h6 9. a3 Kh7 10. f4 d6 11. h3 Qb6 12. Na4 Qa5 13. b4 Qd8 14. Qf3 a6 15. Nxc6 bxc6 16. e5 dxe5 17. Qxc6 Bd7 18. Qf3 Bxa4 19. fxe5 Ng8 20. Bxf7 Bxe5 21. Qe4 Qd6 22. Rad1 Bh2+ 23. Kh1 Qg3 24. Bf4 Qh4 25. Bxg6+ Kh8 26. Be5+ Qf6 27. Bxf6+ Nxf6 1-0

[Event "ROM-ch U18 Girls"]
[Site "Calimanesti"]
[Date "2015.03.30"]
[Round "1"]
[White "Andras, Cristina Maria"]
[Black "Varga, Adrienn"]
[Result "0-1"]
[WhiteElo "1529"]
[BlackElo "1716"]
[PlyCount "52"]
[EventDate "2015.03.30"]
[EventType "swiss"]
[EventRounds "9"]
[EventCountry "ROU"]
[SourceTitle "CBM 165 Extra"]
[Source "ChessBase"]
[SourceDate "2015.04.21"]
[SourceVersion "1"]
[SourceVersionDate "2015.04.21"]
[SourceQuality "1"]

1. e4 c5 2. Nf3 d6 3. Bb5+ Bd7 4. Bxd7+ Nxd7 5. 0-0 Ngf6 6. Re1 g6 7. c3 Bg7 8. d4 cxd4 9. cxd4 e6 10. Nbd2 0-0 11. Nf1 Rc8 12. Ng3 Qb6 13. b3 Rc7 14. Be3 Ng4 15. Rc1 Nxe3 16. fxe3 Rfc8 17. Rxc7 Rxc7 18. Re2 Bh6 19. Qf1 Rc3 20. Qe1 Qc6 21. Kf2 Nf6 22. h3 Rc2 23. e5 Nd5 24. Nf1 Rxe2+ 25. Qxe2 Nc3 26. Qc2 Ne4+ 0-1

[Event "ROM-ch U16 Girls"]
[Site "Calimanesti"]
[Date "2013.04.08"]
[Round "9"]
[White "Ciungan, Diana Alexandra"]
[Black "Andras, Cristina Maria"]
[Result "1-0"]
[WhiteElo "1739"]
[BlackElo "1652"]
[PlyCount "63"]
[EventDate "2013.04.02"]
[EventType "swiss"]
[EventRounds "9"]
[EventCountry "ROU"]
[SourceTitle "CBM 153 Extra"]
[Source "ChessBase"]
[SourceDate "2013.04.22"]
[SourceVersion "1"]
[SourceVersionDate "2013.04.22"]
[SourceQuality "1"]

1. e4 e5 2. Nf3 Nc6 3. Bb5 Bc5 4. 0-0 Nf6 5. Nxe5 Nxe4 6. Qe2 Nxe5 7. Qxe4 Qe7 8. d4 Bxd4 9. Qxd4 0-0 10. Bf4 d6 11. Nc3 c6 12. Be2 Bf5 13. Rad1 Rad8 14. Rd2 c5 15. Qe3 a6 16. Rfd1 Rd7 17. Bxe5 dxe5 18. Rxd7 Bxd7 19. Nd5 Qd6 20. Nf6+ Qxf6 21. Rxd7 Qc6 22. Qd2 Qc8 23. Bf3 h6 24. Bxb7 Qb8 25. Qd6 Qe8 26. Kf1 a5 27. Bc6 Qc8 28. Qc7 Qa6+ 29. Ke1 Qc4 30. Rd8 Rxd8 31. Qxd8+ Kh7 32. Qd3+ 1-0

[Event "ROM-ch U16 Girls"]
[Site "Calimanesti"]
[Date "2013.04.06"]
[Round "7"]
[White "Andras, Cristina Maria"]
[Black "Ungureanu, Maria Andreea"]
[Result "0-1"]
[WhiteElo "1652"]
[BlackElo "1683"]
[PlyCount "90"]
[EventDate "2013.04.02"]
[EventType "swiss"]
[EventRounds "9"]
[EventCountry "ROU"]
[SourceTitle "CBM 153 Extra"]
[Source "ChessBase"]
[SourceDate "2013.04.22"]
[SourceVersion "1"]
[SourceVersionDate "2013.04.22"]
[SourceQuality "1"]

1. e4 c5 2. Nf3 d6 3. Bb5+ Bd7 4. Bxd7+ Qxd7 5. 0-0 g6 6. Re1 Bg7 7. c3 Nf6 8. d4 cxd4 9. cxd4 0-0 10. Nc3 Nc6 11. Bf4 Rfc8 12. Qd2 Na5 13. e5 Nc4 14. Qe2 Nh5 15. Bc1 dxe5 16. dxe5 Qe6 17. b3 Nb6 18. Bb2 Nf4 19. Qe4 Nfd5 20. Nxd5 Qxd5 21. Qxd5 Nxd5 22. Rac1 Nf4 23. Re3 Rxc1+ 24. Bxc1 Rc8 25. Ba3 e6 26. g3 Nd5 27. Re1 Nc3 28. Ra1 Nb5 29. Bb2 Rc2 30. Rc1 Rxb2 31. Rc8+ Bf8 32. a4 Rxb3 33. axb5 Rxf3 34. Rc7 b6 35. Rxa7 Rb3 36. Rb7 Rxb5 37. f4 Kg7 38. Kf2 Rb2+ 39. Kg1 b5 40. h4 b4 41. Kf1 Bc5 42. Rd7 Rf2+ 43. Ke1 b3 44. Rb7 b2 45. Rb5 Rh2 0-1